Teach yourself tennis! /

Bibliographic Details
Other Authors: LaMarche, Robert J.
Format: Book
Language:English
Published: Norwalk, Conn. : Golf Digest/Tennis ; [1980]
Subjects:

MARC

Tag First Indicator Second Indicator Subfields
LEADER 00000cam a2200000 a 4500
001 in00000084974
005 20151008054434.0
008 810721s1980 ctua 00000 eng
010 |a  80066688  
020 |a 0914178393 :  |c $12.95 
035 |a (OCoLC)07118682 
035 |9 AAJ0663AM 
040 |a DLC  |c DLC  |d TXA  |d UtOrBLW 
049 |a TXAM  |c [932893] 
050 0 0 |a GV995  |b .T38 
082 0 |a 796.342/2  |2 19 
245 0 0 |a Teach yourself tennis! /  |c edited by Robert J. LaMarche. 
264 1 |a Norwalk, Conn. :  |b Golf Digest/Tennis ;  |c [1980] 
264 2 |a New York, N.Y. :  |b Distribution by Simon & Schuster, 
264 4 |c ©1980 
300 |a 183 pages :  |b illustrations ;  |c 29 cm. 
336 |a text  |b txt  |2 rdacontent 
337 |a unmediated  |b n  |2 rdamedia 
338 |a volume  |b nc  |2 rdacarrier 
500 |a "A Tennis magazine book." 
650 0 |a Tennis. 
700 1 |a LaMarche, Robert J. 
999 |a MARS 
999 f f |s 1947ce16-3291-3689-bc2b-ff8243bbda00  |i 4ea193c7-f7ec-3cb6-8a86-30463cb9985d  |t 0 
952 f f |p ric  |a Texas A&M University  |b Rellis Campus  |c Joint Library Facility  |d Remote Storage  |t 0  |e GV995 .T38  |h Library of Congress classification  |i unmediated -- volume  |m A14806117014 
998 f f |a GV995 .T38  |t 0  |l Remote Storage